Normal view
MARC view
- Rodrigué, Mercedes,
Entry Nombre Personal
001 - NUMERO DE CONTROL
- campo de control: 42846
003 - IDENTIFICADOR DE NUMERO DE CONTROL
- campo de control: UPN
005 - FECHA Y HORA DE LA ÜLTIMA TRANSACCIÓN
- campo de control: 20210219194624.0
008 - DATOS DE LONGITUD FIJA
- campo de control de longitud fija: nabaccnnaabn|||||||||| b |nc|||||d
035 ## - NUMERO DE CONTROL
- Número de control: UPN11000014953
040 ## - FUENTE DE CATALOGACIÓN
- Lenguaje de catalogación: SPA
- Agencia de transcripción: UPN
100 1# - ENCABEZAMIENTO - NOMBRE PERSONAL
- Nombre personal: Rodrigué, Mercedes,
- Fechas asociadas con el nombre: 1971-
670 ## - FUENTE EN LA QUE SE LOCALIZARON DATOS
- Cita de la fuente: T
- Uniform Resource Identifier: http://www.masterlibros.com.ar/labrujitadepapel.com.ar/libros/libros_personas.php?idp=4249&p=Rodrigu%E9%2C+Mercedes
680 ## - NOTA PUBLICA DE ACCESO PÚBLICO
- Frase explicativa de la referencia: Nació en Buenos Aires, estudió Letras en la UBA
902 ## - CATALOGADOR
- Catalogador: MCM/200819
